Paroles : Calibre 12 - Henock Cortes - Statistiques

Statistiques générales
  • Ce quiz a été pris 7 fois
    6 depuis la dernière actualisation
  • Le résultat moyen est 87 sur 289
Statistiques - réponses
Paroles % Correct
À
80%
A
80%
Ça
80%
De
80%
Jamel
80%
Le
80%
V12
80%
A
60%
Debbouze
60%
Des
60%
Elle
60%
En
60%
Famille
60%
La
60%
Les
60%
L'humour
60%
Lopez
60%
Ma
60%
Me
60%
Par
60%
Partouze
60%
Record
60%
Ton
60%
V12
60%
12
40%
Bouche
40%
Calibre
40%
Cassées
40%
Chips
40%
Couz
40%
Dedicacer
40%
Détient
40%
Finira
40%
Haltères
40%
J'ai
40%
J'arrive
40%
Je
40%
J'roule
40%
J'vais
40%
Laisse
40%
Les
40%
L'humour
40%
Machoires
40%
Mes
40%
Minet
40%
Moi
40%
Partouze
40%
Pas
40%
Qui
40%
Soulèvent
40%
Tout
40%
Toute
40%
V'là
40%
63
20%
Achète
20%
Affaires
20%
Albi
20%
Alors
20%
Armée
20%
Avec
20%
Balle
20%
Bébé
20%
Ben
20%
Cambrioler
20%
CD
20%
C'est
20%
Clermont
20%
Communauté
20%
Conseil
20%
Coupes
20%
Courave
20%
D'aller
20%
Dans
20%
Désaltère
20%
Désigné
20%
Déter
20%
Dois
20%
Enfiler
20%
Et
20%
Être
20%
Évitera
20%
Fierté
20%
Frère
20%
J'continue
20%
Je
20%
J'encule
20%
J'lève
20%
J'me
20%
J'serai
20%
J'suis
20%
J'vienne
20%
Lacher
20%
L'examiner
20%
L'rap
20%
Mais
20%
Majeur
20%
Manouche
20%
M'avez
20%
Meilleur
20%
Mes
20%
MIC
20%
Millionnaire
20%
Moi
20%
Mon
20%
Net
20%
Nez
20%
Pis
20%
Prétends
20%
P'tit
20%
Qu'au
20%
Qu'avec
20%
Que
20%
Qui
20%
Quitte
20%
Qu'une
20%
Racli
20%
Rafales
20%
Rap
20%
Rappeurs
20%
Regarde
20%
Représenter
20%
Rumeurs
20%
Salopes
20%
Si
20%
Sur
20%
Sûrement
20%
Tant
20%
Tarlouzes
20%
Te
20%
Ter-ter
20%
Tire
20%
Trinque
20%
Tu
20%
Un
20%
Une
20%
Venu
20%
Viens
20%
Voir
20%
Voix
20%
Vous
20%
Y'a
20%
81
0%
Avant
0%
Beaucoup
0%
Clair
0%
Clistés
0%
Comme
0%
Comprennent
0%
Conseil
0%
Coups
0%
Couronné
0%
Débineur
0%
Derrière
0%
Désignées
0%
D'jet
0%
Docteur
0%
Etat
0%
Été
0%
Fais
0%
Faut
0%
France
0%
Gangsters
0%
J'compte
0%
J'le
0%
J'pense
0%
L'air
0%
M'époumonner
0%
Mettras
0%
Mettre
0%
Musclés
0%
On
0%
Persécuter
0%
Places
0%
Pour
0%
Prendre
0%
Proxénète
0%
Que
0%
Qu'ils
0%
Rimes
0%
Sont
0%
T'attacher
0%
T'es
0%
Tête
0%
Toutes
0%
Venus
0%
Viendra
0%
Vienne
0%
Vocales
0%
Aucun quiz correspondant
Distribution des résultats
% des personnes avec chaque résultat
Percentile par nombre de réponses
Votre historique - résultats
Vous n’avez pas pris ce quiz depuis la dernière actualisation